Oriental Caravan (Record no. 1851)

MARC details
000 -LEADER
fixed length control field 00640nam a2200253 a 4500
020 ## - INTERNATIONAL STANDARD BOOK NUMBER
ISBN
082 00 - DEWEY DECIMAL CLASSIFICATION NUMBER
Classification number 809
Author Cutter SHA
100 ## - MAIN ENTRY--AUTHOR NAME
Author name Shah Sirdar, Ikbal Ali
245 ## - TITLE STATEMENT
Title Oriental Caravan
Sub title Revelation of the Soul and Mind of Asia
260 ## - PUBLICATION, DISTRIBUTION, ETC. (IMPRINT)
Place of publication New York
Name of publisher Claude Kendall
Year of publication 1933
300 ## - PHYSICAL DESCRIPTION
Number of Pages 331p
500 ## - GENERAL NOTE
General note includes index and biblioraphy
505 2# - FORMATTED CONTENTS NOTE
Formatted contents note index
650 ## - SUBJECT ADDED ENTRY--TOPICAL TERM
Topical Term English-Literature
650 ## - SUBJECT ADDED ENTRY--TOPICAL TERM
Topical Term Religion
942 ## - ADDED ENTRY ELEMENTS (KOHA)
Koha item type Books
700 1# -
-- Shah Sirdar, Ikbal Ali
Holdings
Collection code Home library Current library Date acquired Cost, normal purchase price Full call number Accession Number Koha item type
  Henry Martyn Institute Library Henry Martyn Institute Library 05/24/2005 0.00 809 SHA 00727 Books
                   Copyright © 2026 | Henry Martyn Institute | Hyderabad | TS-500052 | INDIA | Implemented by hmi.edu.in
Hit-Count:

Powered by Koha